Trasa linii trolejbusowej A (Dworzec PKP) - Statystyki

Ogólne statystyki
  • Ten quiz został rozwiązany 46 razy
    8 od ostatniego zresetowania
  • Średni wynik to 7 z 15
Statystyki odpowiedzi
Przystanek (Tychy) % Poprawnych
15. Dworzec PKP
100%
13. E.Leclerc
50%
14. Gen. Andersa
50%
5. Hala Sportowa
50%
11. Harcerska
50%
10. Hetmańska
50%
12. Hotelowiec
50%
7. Osiedle K
50%
8. Osiedle R
50%
6. Skałka
50%
9. Stoczniowców 70
50%
2. Hipermarkety
25%
3. Paprocańska
25%
4. Piłsudskiego
25%
1. Towarowa
25%
Nie znaleziono quizów pasujących do podanych kryteriów
Rozkład punktacji
Procent ludzi z każdym wynikiem
Percentyl według liczby udzielonych odpowiedzi
Twoja historia wyników
Nie rozwiązałeś tego quizu od ostatniego zresetowania